Numerical modeling of ocean tides : A finite element approach (Record no. 4548)

MARC details
000 -LEADER
fixed length control field 00511nam a22001577a 4500
003 - CONTROL NUMBER IDENTIFIER
control field OSt
005 - DATE AND TIME OF LATEST TRANSACTION
control field 20220107122757.0
008 - FIXED-LENGTH DATA ELEMENTS--GENERAL INFORMATION
fixed length control field 150325b xxu||||| |||| 00| 0 eng d
040 ## - CATALOGING SOURCE
Transcribing agency
100 ## - MAIN ENTRY--PERSONAL NAME
Personal name Chidambaram P G (92212004)
9 (RLIN) 6238
245 ## - TITLE STATEMENT
Title Numerical modeling of ocean tides : A finite element approach
502 ## - DISSERTATION NOTE
Degree type MSc. Computational Science
Name of granting institution 2012 - 2014
Year degree granted INT
-- Manoj Kumar T K
-- Shaji C (IIT)
Miscellaneous information "IIT, Kharagpur"
650 ## - SUBJECT ADDED ENTRY--TOPICAL TERM
Topical term or geographic name entry element TIDAL SIMULATION
9 (RLIN) 6239
650 ## - SUBJECT ADDED ENTRY--TOPICAL TERM
Topical term or geographic name entry element NUMERICAL MODELING
9 (RLIN) 6240
942 ## - ADDED ENTRY ELEMENTS (KOHA)
Source of classification or shelving scheme Dewey Decimal Classification
Koha item type
Holdings
Withdrawn status Lost status Source of classification or shelving scheme Damaged status Not for loan Home library Current library Date acquired Total Checkouts Barcode Date last seen Price effective from Koha item type
    Dewey Decimal Classification     IIITM-K Kerala University of Digital Sciences, Innovation and Technology Knowledge Centre 25/03/2015   R-478 25/03/2015 25/03/2015 Project Reports